Literary democracy : the declaration of cultural independence in America = Democracia literaria: la decaración de independencia cultural in América /
সংরক্ষণ করুন:
| প্রধান লেখক: | |
|---|---|
| বিন্যাস: | অজ্ঞাত |
| ভাষা: | English |
| প্রকাশিত: |
New York :
Viking Press,
1981.
|
| বিষয়গুলি: | |
| ট্যাগগুলো: |
ট্যাগ যুক্ত করুন
কোনো ট্যাগ নেই, প্রথমজন হিসাবে ট্যাগ করুন!
|
MARC
| LEADER | 000000000a22000000004500 | ||
|---|---|---|---|
| 001 | 013363 | ||
| 020 | |a 0670430269 | ||
| 041 | 0 | |a eng | |
| 082 | 0 | 4 | |a 810.900 |b Z68l |
| 100 | 1 | |a Ziff, Larzer, |d 1927- | |
| 245 | 1 | 0 | |a Literary democracy : |b the declaration of cultural independence in America = Democracia literaria: la decaración de independencia cultural in América / |c Larzer Ziff. |
| 246 | 3 | 1 | |a Democracia literaria: la decaración de independencia cultural in América |
| 260 | 1 | |a New York : |b Viking Press, |c 1981. | |
| 300 | |a 333 páginas ; |c 24 cm. | ||
| 650 | 4 | |a LITERATURA AMERICANA | |
| 650 | 4 | |a SIGLO 19 | |
| 650 | 4 | |a HISTORIA | |
| 650 | 4 | |a CRITICA | |
| 650 | 4 | |a LITERATURA Y SOCIEDAD | |
| 650 | 4 | |a ESTADOS UNIDOS | |
| 500 | |a Colección George Yúdice | ||
| 999 | |c 19289 |d 19289 | ||
| 942 | |c BK |h 810.900 Z68l |2 z | ||



